Idolatría: guerras por imágenes. Las raíces de un conflicto milenario
Salvato in:
| Autori principali: | , |
|---|---|
| Natura: | Libro |
| Lingua: | spagnolo |
| Pubblicazione: |
Barcelona
Gedisa
2003
|
| Edizione: | 1a. ed |
| Serie: | Cla.De.Ma Historia
|
| Soggetti: | |
| Tags: |
Aggiungi Tag
Nessun Tag, puoi essere il primo ad aggiungerne!!
|
MARC
| LEADER | 00000cam a2200000 a 4500 | ||
|---|---|---|---|
| 001 | UCD6916 | ||
| 003 | CL-VaPUC | ||
| 008 | 170303e20030000sp |||||||||||||||||spa|d | ||
| 020 | |a 8474328659 | ||
| 082 | 0 | 4 | |a 291.218 |b HAL |2 21 |
| 100 | 0 | |a Halbertal, Moshe |e author |9 590789 | |
| 700 | 0 | |a Margalit, Avishai |e author |9 590790 | |
| 245 | 1 | 0 | |a Idolatría: guerras por imágenes. Las raíces de un conflicto milenario |
| 250 | |a 1a. ed | ||
| 300 | |a 317 p | ||
| 942 | |c BK | ||
| 945 | |d 20170303 17:35:00 |a dcastane | ||
| 260 | |a Barcelona |b Gedisa |c 2003 | ||
| 650 | 0 | |a Idolatría |9 389574 | |
| 650 | 7 | |a IDEOLOGIAS RELIGIOSAS |2 CL-VaPUC |9 399823 | |
| 650 | 7 | |a DOCTRINAS RELIGIOSAS |2 CL-VaPUC |9 337177 | |
| 583 | |a last modification |c 20170303 17:35:00 |k Rodrigo Vera | ||
| 490 | 0 | |a Cla.De.Ma Historia | |
| 999 | |c 367088 |d 367086 | ||
| 952 | |0 0 |1 0 |3 erb |4 0 |6 291_218000000000000_HAL_2003 |7 0 |8 A |9 481771 |a BIBART |b BIBART |i 5361486 |l 2 |o 291.218 HAL 2003 |p 5361486 |r 2025-03-13 |s 2022-11-29 |w 2019-11-24 |y BK |z Catalogado en:20170303 |k ART | ||
| 952 | |0 0 |1 0 |3 erb |4 0 |6 291_218000000000000_HAL_2003 |7 0 |8 A |9 481772 |a BIBHIS |b BIBHIS |i 537488K |l 1 |o 291.218 HAL 2003 |p 537488K |r 2025-01-20 |s 2022-10-03 |w 2019-11-24 |y BK |z Catalogado en:20170508 |k HIS | ||